000
00310nam a22001337a 4500
008
181016b xxu||||| |||| 00| 0 eng d
020
_a
0471258911
041
_a
eng
080
_2
2nd
_a
320
100
_a
21
101
_a
SHP
245
_a
Political Development & Social change
_c
Finkle,J.L
942
_2
udc
_c
BK
999
_c
49820
_d
49820